[Event "Bevensen op Seniors 2nd "]
[Site "Bad Bevensen"]
[Date "1999.06.26"]
[Round "8"]
[White "Burreh, Heinz"]
[Black "Gretzer, Otmar"]
[Result "0-1"]
[WhiteElo "1844"]
[BlackElo "2185"]
[PlyCount "38"]
[EventDate "1999.06.??"]
[EventType "swiss"]
[EventRounds "9"]
[EventCountry "GER"]
[SourceTitle "EXT 2006"]
[Source "ChessBase"]
[SourceDate "2005.11.24"]
[SourceVersion "1"]
[SourceVersionDate "2005.11.24"]
[SourceQuality "1"]

1. e4 c6 2. d4 d5 3. exd5 cxd5 4. Nf3 Nf6 5. Bd3 Bg4 6. h3 Bh5 7. c3 e6 8. Qa4+ Nbd7 9. Ne5 a6 10. f4 Bg6 11. Qc2 Bxd3 12. Qxd3 Ne4 13. Nxd7 Qh4+ 14. Ke2 Ng3+ 15. Kf2 Nxh1+ 16. Kg1 Qe1+ 17. Kh2 Nf2 18. Qe3 Qh1+ 19. Kg3 Ne4+ 0-1